[Event "Rated Blitz game"]
[Site "?"]
[Date "2021.02.11"]
[Round "?"]
[White "purple_espeon"]
[Black "DarthZannah"]
[Result "0-1"]
[WhiteElo "2445"]
[BlackElo "2473"]
[PlyCount "40"]
[EventDate "2021.??.??"]
[EventType "blitz"]

1. e4 e5 2. Nf3 d5 3. Nxe5 dxe4 4. d4 Nd7 5. Nxd7 Bxd7 6. Bc4 Nf6 7. O-O Bd6 8.
f3 O-O 9. fxe4 Nxe4 10. Qf3 Qh4 11. g3 Nxg3 12. hxg3 Qxd4+ 13. Be3 Qxc4 14. Nc3
Bc6 15. Qf2 Rae8 16. Bd4 Qe6 17. Rae1 Qg6 18. Ne2 Rxe2 19. Rxe2 Bxg3 20. Qe3
Bf4+ {Normal} 0-1

[Event "Rated Blitz game"]
[Site "?"]
[Date "2021.02.11"]
[Round "?"]
[White "angryman64"]
[Black "GrandeGila"]
[Result "0-1"]
[WhiteElo "2325"]
[BlackElo "2414"]
[PlyCount "80"]
[EventDate "2021.??.??"]
[EventType "blitz"]

1. e4 e5 2. Nf3 d5 3. exd5 e4 4. Qe2 Nf6 5. d3 Qxd5 6. Nbd2 Be7 7. dxe4 Qe6 8.
Qc4 O-O 9. Qxe6 Bxe6 10. Bd3 Nbd7 11. Ng5 Bg4 12. h3 Bh5 13. f4 h6 14. Ngf3 Nc5
15. g4 Bg6 16. f5 Bh7 17. e5 Nfd7 18. Bc4 Nb6 19. Be2 Rfe8 20. Nb3 Ne4 21. Bf4
Ng5 22. Nxg5 Bxg5 23. Bg3 Nd7 24. e6 fxe6 25. Bc4 Kh8 26. fxe6 Nf8 27. Nd4 c5
28. Nb5 Nxe6 29. O-O a6 30. Nd6 Re7 31. Rae1 Nd4 32. Nf7+ Rxf7 33. Bxf7 Bxc2
34. Re8+ Rxe8 35. Bxe8 Kh7 36. Bb8 Be4 37. Rf7 Bd5 38. Rf8 Bxa2 39. Be5 Ne6 40.
Rf1 Be3+ {Time forfeit} 0-1

[Event "Rated Blitz game"]
[Site "?"]
[Date "2021.02.11"]
[Round "?"]
[White "samqr33"]
[Black "Blind2250"]
[Result "0-1"]
[WhiteElo "2375"]
[BlackElo "2454"]
[PlyCount "41"]
[EventDate "2021.??.??"]
[EventType "blitz"]

1. e4 e5 2. Nf3 d5 3. Nxe5 Bd6 4. d4 dxe4 5. Nc4 Nf6 6. Nxd6+ Qxd6 7. c4 O-O 8.
Nc3 Re8 9. Be3 Nc6 10. Qd2 Ng4 11. O-O-O Nxe3 12. fxe3 Nb4 13. a3 Nd3+ 14. Bxd3
exd3 15. Qxd3 c6 16. h3 f5 17. Rhe1 Be6 18. e4 fxe4 19. Nxe4 Qf4+ 20. Re3 Bf5
21. Rde1 {Normal} 0-1

[Event "Rated Blitz game"]
[Site "?"]
[Date "2021.02.11"]
[Round "?"]
[White "Izzrayizzix"]
[Black "PrawnsGambit"]
[Result "0-1"]
[WhiteElo "2410"]
[BlackElo "2409"]
[PlyCount "30"]
[EventDate "2021.??.??"]
[EventType "blitz"]

1. e4 e5 2. Nf3 d5 3. Nxe5 Bd6 4. d4 dxe4 5. Nc3 Bxe5 6. dxe5 Qxd1+ 7. Nxd1 Nc6
8. Bb5 Bd7 9. Bxc6 Bxc6 10. Nc3 Ne7 11. O-O Ng6 12. Re1 O-O-O 13. Bg5 Rde8 14.
Nxe4 Rxe5 15. Nf6 Rxg5 {Normal} 0-1

[Event "Rated Blitz game"]
[Site "?"]
[Date "2021.02.11"]
[Round "?"]
[White "amriechess"]
[Black "GrandeGila"]
[Result "0-1"]
[WhiteElo "2277"]
[BlackElo "2408"]
[PlyCount "32"]
[EventDate "2021.??.??"]
[EventType "blitz"]

1. e4 e5 2. Nf3 d5 3. Nxe5 Bd6 4. d4 dxe4 5. Bc4 Bxe5 6. Qh5 Qe7 7. Qxe5 Qxe5
8. dxe5 Ne7 9. Kd1 Nbc6 10. Nc3 Bg4+ 11. Be2 O-O-O+ 12. Ke1 Bxe2 13. Nxe2 Nb4
14. Bg5 Nxc2+ 15. Kf1 Nxa1 16. Nc3 Rhe8 {Normal} 0-1

[Event "Rated Blitz game"]
[Site "?"]
[Date "2021.02.11"]
[Round "?"]
[White "www68"]
[Black "Schachelite"]
[Result "1-0"]
[WhiteElo "2562"]
[BlackElo "2389"]
[PlyCount "42"]
[EventDate "2021.??.??"]
[EventType "blitz"]

1. e4 e5 2. Nf3 d5 3. Nxe5 Bd6 4. d4 dxe4 5. Nc4 Nf6 6. Be2 Nc6 7. Be3 O-O 8.
Nxd6 Qxd6 9. c4 Rd8 10. d5 Ne5 11. h3 c6 12. dxc6 Qb4+ 13. Nd2 bxc6 14. Qb3 Qa5
15. O-O Rxd2 16. Bxd2 Qxd2 17. Rfd1 Qa5 18. Qc3 Qc7 19. c5 Be6 20. Rd6 Bd7 21.
Qxe5 Re8 {Normal} 1-0

[Event "Rated Blitz game"]
[Site "?"]
[Date "2021.02.11"]
[Round "?"]
[White "RzayevBahruz"]
[Black "Fantastic_power06"]
[Result "0-1"]
[WhiteElo "2581"]
[BlackElo "2660"]
[PlyCount "54"]
[EventDate "2021.??.??"]
[EventType "blitz"]

1. e4 e5 2. Nf3 d5 3. Nxe5 Bd6 4. d4 dxe4 5. Be2 Bxe5 6. dxe5 Qxd1+ 7. Bxd1 Nc6
8. Nc3 Bf5 9. Bf4 O-O-O 10. O-O Nge7 11. Re1 Ng6 12. Bg3 Ngxe5 13. Nxe4 Rhe8
14. Ng5 f6 15. Nf3 Nxf3+ 16. Bxf3 Nd4 17. Rxe8 Rxe8 18. c3 Nxf3+ 19. gxf3 Re2
20. b3 g5 21. h4 h5 22. Kf1 Bd3 23. Kg2 Bb5 24. a4 Bc6 25. hxg5 fxg5 26. Rh1 h4
27. Kf1 Bxf3 {Normal} 0-1

[Event "Rated Blitz game"]
[Site "?"]
[Date "2021.02.11"]
[Round "?"]
[White "Semenychev_Alexander"]
[Black "blastol"]
[Result "0-1"]
[WhiteElo "2450"]
[BlackElo "2338"]
[PlyCount "58"]
[EventDate "2021.??.??"]
[EventType "blitz"]

1. e4 e5 2. Nf3 d5 3. exd5 Bd6 4. Nc3 Nf6 5. Bc4 e4 6. Nd4 O-O 7. h3 Qe7 8. Qe2
Re8 9. a3 a6 10. Nd1 b5 11. Ba2 Bd7 12. Ne3 h6 13. b4 Be5 14. Bb2 c5 15. dxc6
Nxc6 16. Nxc6 Bxc6 17. Bxe5 Qxe5 18. O-O Rad8 19. Rfd1 Qg5 20. c4 Bd7 21. Kh2
Nh5 22. cxb5 Nf4 23. Qf1 Bxb5 24. Bc4 Bxc4 25. Qxc4 Nd3 26. Rf1 Qf4+ 27. Kg1
Re6 28. a4 Rg6 29. b5 Ne5 {Normal} 0-1

[Event "Rated Blitz game"]
[Site "?"]
[Date "2021.02.11"]
[Round "?"]
[White "Opertis"]
[Black "gmluke"]
[Result "0-1"]
[WhiteElo "2695"]
[BlackElo "2633"]
[PlyCount "54"]
[EventDate "2021.??.??"]
[EventType "blitz"]

1. e4 e5 2. Nf3 d5 3. exd5 Bd6 4. d4 e4 5. Nfd2 f5 6. c4 Nf6 7. Nc3 O-O 8. c5
Bf4 9. Bc4 Kh8 10. Nf1 Bxc1 11. Rxc1 b5 12. Nxb5 Ba6 13. Qb3 Bxb5 14. Qxb5 Nxd5
15. Qb7 Nf4 16. Ne3 Nd7 17. Qc6 Nf6 18. Rd1 Ng4 19. Rd2 Rf6 20. Qa4 Nxg2+ 21.
Nxg2 f4 22. Qa3 e3 23. fxe3 fxe3 24. Nxe3 Rf3 25. Re2 Qxd4 26. Nc2 Qf4 27. Bb3
Qc1# {Normal} 0-1

[Event "Rated Blitz game"]
[Site "?"]
[Date "2021.02.11"]
[Round "?"]
[White "Sensei82"]
[Black "Fantastic_power06"]
[Result "1-0"]
[WhiteElo "2671"]
[BlackElo "2648"]
[PlyCount "157"]
[EventDate "2021.??.??"]
[EventType "blitz"]

1. e4 e5 2. Nf3 d5 3. Nxe5 Bd6 4. d4 dxe4 5. Nc4 Nc6 6. Nxd6+ Qxd6 7. c3 Nf6 8.
Be2 Bf5 9. Qd2 Kd8 10. Qf4 Qe6 11. h3 h5 12. Na3 Nd5 13. Qg3 Qg6 14. Qxg6 Bxg6
15. Nc4 Kd7 16. h4 Rae8 17. g3 Bf5 18. Ne3 Nxe3 19. Bxe3 Bg4 20. Bxg4+ hxg4 21.
b3 Ne7 22. c4 Nf5 23. Kd2 c6 24. Rae1 Re6 25. Kc3 Rhe8 26. Re2 b5 27. Rd1 Kc8
28. d5 cxd5 29. Rxd5 bxc4 30. Rc5+ Kb7 31. Rxc4 Nd6 32. Rb4+ Kc6 33. a4 Rc8 34.
Rd2 a6 35. Kb2 Kd7 36. Rb6 Rc6 37. Rb7+ Kc8 38. Ra7 Nb7 39. Ra8+ Kc7 40. Rg8 g6
41. Rf8 f5 42. Rf7+ Kc8 43. Rdd7 Nd8 44. Rh7 Red6 45. Ra7 Kb8 46. Bf4 Ne6 47.
Bxd6+ Rxd6 48. Rad7 Rxd7 49. Rxd7 Nc5 50. Rd6 Nd3+ 51. Rxd3 exd3 52. Kc3 Kc7
53. Kxd3 Kd6 54. b4 Kd5 55. b5 a5 56. Ke3 Ke5 57. b6 Kd6 58. Kf4 Kc6 59. Kg5 f4
60. Kxg6 fxg3 61. fxg3 Kxb6 62. h5 Kc5 63. h6 Kb4 64. h7 Kxa4 65. h8=Q Kb4 66.
Qd4+ Kb3 67. Qxg4 a4 68. Qd4 a3 69. g4 Ka2 70. g5 Kb1 71. Qb4+ Ka1 72. Qxa3+
Kb1 73. Qc5 Kb2 74. Kf6 Kb3 75. g6 Kb2 76. g7 Kb1 77. g8=Q Kb2 78. Qgc8 Kb1 79.
Qb7+ {Normal} 1-0

[Event "Rated Blitz game"]
[Site "?"]
[Date "2021.02.11"]
[Round "?"]
[White "mrios"]
[Black "Chesspirate_Channel"]
[Result "0-1"]
[WhiteElo "2507"]
[BlackElo "2377"]
[PlyCount "98"]
[EventDate "2021.??.??"]
[EventType "blitz"]

1. e4 e5 2. Nf3 d5 3. Nxe5 Bd6 4. d4 dxe4 5. Nc4 Be7 6. Ne3 Nf6 7. Bc4 O-O 8.
O-O Nc6 9. d5 Ne5 10. Bb3 Bd6 11. Nc3 Re8 12. Ne2 Bg4 13. Nxg4 Nfxg4 14. Bf4
Qh4 15. Qd2 g5 16. Bxe5 Bxe5 17. h3 Bd6 18. Nd4 e3 19. fxe3 Nxe3 20. Rf3 g4 21.
Rxe3 Bc5 22. Rxe8+ Rxe8 23. Qf4 h5 24. c3 Qe7 25. Rf1 gxh3 26. Qg3+ Kh8 27.
Qxh3 Qe3+ 28. Kh1 Qxh3+ 29. gxh3 Bxd4 30. cxd4 Kg7 31. Rf5 Kg6 32. Rf2 Re3 33.
Kg2 Kg7 34. d6 cxd6 35. Rxf7+ Kg6 36. Rxb7 Re2+ 37. Kf3 Rxb2 38. d5 Kf6 39.
Rxa7 Ke5 40. Rd7 Rh2 41. Re7+ Kd4 42. Re6 Kc5 43. Kf4 Rf2+ 44. Kg5 Rd2 45. Kh4
Rh2 46. Kxh5 Rxh3+ 47. Kg4 Rc3 48. Re4 Rc1 49. Rc4+ Kb6 {Time forfeit} 0-1

[Event "Rated Blitz tournament LMKs8Bxf"]
[Site "?"]
[Date "2021.02.11"]
[Round "?"]
[White "Archy17"]
[Black "Maltinho"]
[Result "1-0"]
[WhiteElo "2454"]
[BlackElo "2499"]
[PlyCount "38"]
[EventDate "2021.??.??"]
[EventType "blitz"]

1. e4 e5 2. Nf3 d5 3. Nxe5 Bd6 4. d4 dxe4 5. Bc4 Bxe5 6. Qh5 Qe7 7. dxe5 Nc6 8.
Bf4 Bd7 9. Nc3 O-O-O 10. Qxf7 Qb4 11. O-O-O Nh6 12. Bxh6 gxh6 13. Nd5 Qc5 14.
e6 Ne5 15. exd7+ Kb8 16. Qe7 Qxc4 17. Qxe5 Qxa2 18. Nc3 Qa1+ 19. Nb1 Rxd7 {
Normal} 1-0

[Event "Rated Blitz game"]
[Site "?"]
[Date "2021.02.11"]
[Round "?"]
[White "Sensei82"]
[Black "Fantastic_power06"]
[Result "0-1"]
[WhiteElo "2673"]
[BlackElo "2647"]
[PlyCount "80"]
[EventDate "2021.??.??"]
[EventType "blitz"]

1. e4 e5 2. Nf3 d5 3. exd5 e4 4. Qe2 Nf6 5. Nc3 Be7 6. Nxe4 O-O 7. Nxf6+ Bxf6
8. Qc4 Re8+ 9. Be2 b5 10. Qd3 Na6 11. c3 Nc5 12. Qc2 Qe7 13. d4 Bf5 14. Qd1
Nd3+ 15. Kf1 Nxc1 16. Rxc1 Qd7 17. Bd3 Bg4 18. h3 Bh5 19. Qb3 Bxf3 20. gxf3 a6
21. Kg2 Bh4 22. Rce1 Qd6 23. Re4 Qg6+ 24. Kf1 Qh6 25. Qd1 Kh8 26. Qe2 Rf8 27.
Rg1 Qc1+ 28. Kg2 Qh6 29. Kh2 Bg5 30. Qf1 Bf4+ 31. Kh1 Rae8 32. Rg4 f5 33. Rxe8
Rxe8 34. Bxf5 Bd6 35. f4 Qf6 36. Be4 Bxf4 37. Qg2 Qh6 38. f3 Bd6 39. h4 Qc1+
40. Qg1 Qf1 {Time forfeit} 0-1

[Event "Rated Blitz game"]
[Site "?"]
[Date "2021.02.11"]
[Round "?"]
[White "tokio1234"]
[Black "Fantastic_power06"]
[Result "0-1"]
[WhiteElo "2490"]
[BlackElo "2621"]
[PlyCount "38"]
[EventDate "2021.??.??"]
[EventType "blitz"]

1. e4 e5 2. Nf3 d5 3. Nxe5 Bd6 4. d4 dxe4 5. Bb5+ c6 6. Bc4 Bxe5 7. dxe5 Qxd1+
8. Kxd1 Bg4+ 9. Ke1 Nd7 10. Bf4 O-O-O 11. h3 Nxe5 12. hxg4 Nxc4 13. Nc3 Nf6 14.
b3 Na3 15. Rc1 Nxg4 16. Ke2 f5 17. f3 exf3+ 18. gxf3 Rhe8+ 19. Kf1 Ne3+ {Normal
} 0-1

[Event "Rated Blitz game"]
[Site "?"]
[Date "2021.02.11"]
[Round "?"]
[White "bigdu"]
[Black "pasha1984"]
[Result "1/2-1/2"]
[WhiteElo "2356"]
[BlackElo "2404"]
[PlyCount "73"]
[EventDate "2021.??.??"]
[EventType "blitz"]

1. e4 e5 2. Nf3 d5 3. Qe2 Nc6 4. exd5 Qxd5 5. Nc3 Qe6 6. Qc4 Nf6 7. Qxe6+ Bxe6
8. Bb5 Bd6 9. O-O O-O-O 10. d3 Nd4 11. Nxd4 exd4 12. Ne4 Nxe4 13. dxe4 a6 14.
Bd3 f6 15. f4 Rhe8 16. b3 Bf7 17. a4 Bc5 18. Ba3 Bxa3 19. Rxa3 c5 20. a5 Kc7
21. Kf2 Re7 22. Kf3 Be8 23. g4 Bc6 24. Re1 Rde8 25. f5 Kd6 26. Kf4 Re5 27. h4
h6 28. g5 hxg5+ 29. hxg5 Rh8 30. gxf6 gxf6 31. Raa1 Rh4+ 32. Kg3 Rh5 33. Kg4
Rg5+ 34. Kf4 Rh5 35. Kg4 Rg5+ 36. Kf4 Rh5 37. Kg4 {Normal} 1/2-1/2

[Event "Rated Blitz tournament UzpgRKSh"]
[Site "?"]
[Date "2021.02.11"]
[Round "?"]
[White "Efafi"]
[Black "adamak123"]
[Result "1/2-1/2"]
[WhiteElo "2268"]
[BlackElo "2432"]
[PlyCount "133"]
[EventDate "2021.??.??"]
[EventType "blitz"]

1. e4 e5 2. Nf3 d5 3. Nc3 d4 4. Ne2 Nc6 5. d3 Nge7 6. Ng3 Ng6 7. Be2 h5 8. Nf5
Be6 9. Ng5 Bxf5 10. exf5 Nh4 11. Bxh5 g6 12. fxg6 fxg6 13. Bf3 Be7 14. Ne4 Qd7
15. g3 Nxf3+ 16. Qxf3 O-O-O 17. Bd2 Rdf8 18. Qe2 Nb4 19. Bxb4 Bxb4+ 20. c3 dxc3
21. bxc3 Be7 22. O-O-O Qa4 23. Qc2 Qa3+ 24. Kb1 Rf3 25. Qb3 Qa6 26. c4 Rd8 27.
h4 Rd4 28. Rhe1 Qc6 29. Re3 Rf8 30. a4 Qd7 31. Qb5 Qf5 32. Rd2 a6 33. Qb3 Qh3
34. Qd1 Rfd8 35. Qe2 Qd7 36. Nc3 Bb4 37. Rc2 Bxc3 38. Rxc3 Qxa4 39. Rxe5 Qb4+
40. Kc2 R4d6 41. Rd5 Rxd5 42. cxd5 Qa4+ 43. Kd2 Qa2+ 44. Rc2 Qxd5 45. Qe3 Kb8
46. h5 gxh5 47. Rc3 a5 48. Ke1 a4 49. Qc5 Qh1+ 50. Kd2 Qc6 51. Qxc6 bxc6 52.
Rxc6 Kb7 53. Rc4 Ra8 54. Rb4+ Kc6 55. Rb1 a3 56. Ra1 Kc5 57. f4 a2 58. Kc2 Kd4
59. Kb2 Kxd3 60. Rxa2 Rxa2+ 61. Kxa2 Ke4 62. Kb3 h4 63. gxh4 Kxf4 64. Kc4 Kg4
65. Kc5 Kxh4 66. Kc6 Kg5 67. Kxc7 {Normal} 1/2-1/2

[Event "Rated Blitz game"]
[Site "?"]
[Date "2021.02.11"]
[Round "?"]
[White "Aspire_Perfection"]
[Black "GrandeGila"]
[Result "1/2-1/2"]
[WhiteElo "2358"]
[BlackElo "2409"]
[PlyCount "82"]
[EventDate "2021.??.??"]
[EventType "blitz"]

1. e4 e5 2. Nf3 d5 3. Nxe5 Bd6 4. d4 dxe4 5. Nc4 Nc6 6. Be3 Nf6 7. Nc3 Bg4 8.
Be2 Bxe2 9. Qxe2 Bb4 10. Rd1 O-O 11. O-O h6 12. d5 Ne7 13. Bd4 Bxc3 14. Bxc3
Nfxd5 15. Qxe4 Nxc3 16. bxc3 Qe8 17. Rfe1 Nc6 18. Qd5 Qc8 19. Ne5 Nxe5 20. Rxe5
Rd8 21. Qxd8+ Qxd8 22. Rxd8+ Rxd8 23. Kf1 Rd2 24. Re7 Rxc2 25. Rxc7 a5 26. Rxb7
Rxc3 27. Rb2 Kf8 28. Ke2 Ke7 29. Kd2 Ra3 30. g3 g6 31. h4 h5 32. Ke2 Ke6 33.
Rd2 Kf5 34. Kf1 f6 35. Kg2 g5 36. hxg5 fxg5 37. Rd5+ Kf6 38. Rd6+ Kf7 39. Rd5
Kf6 40. Rd6+ Ke7 41. Rd5 Kf6 {Normal} 1/2-1/2

[Event "Rated Blitz tournament yip5l2l2"]
[Site "?"]
[Date "2021.02.10"]
[Round "?"]
[White "speedythought"]
[Black "Killerrhino"]
[Result "0-1"]
[WhiteElo "2439"]
[BlackElo "2345"]
[PlyCount "118"]
[EventDate "2021.??.??"]
[EventType "blitz"]

1. e4 e5 2. Nf3 d5 3. Nc3 dxe4 4. Nxe4 f5 5. Ng3 e4 6. Ng1 Bc5 7. Qe2 Nf6 8. d3
Qe7 9. Bg5 O-O 10. O-O-O exd3 11. Qxe7 Bxe7 12. Bxd3 g6 13. Nf3 Nc6 14. Rhe1
Bc5 15. Bh6 Rd8 16. Bc4+ Kh8 17. Rxd8+ Nxd8 18. Ng5 Bd7 19. Rd1 Bxf2 20. Nf1
Bc5 21. c3 Bd6 22. g3 Ng4 23. Rxd6 cxd6 24. Bf8 Nf6 25. Bxd6 Kg7 26. Be5 Nc6
27. Bxf6+ Kxf6 28. Nxh7+ Kg7 29. Ng5 Ne5 30. Be2 Re8 31. Kd1 Bc6 32. h3 Kf6 33.
h4 Rd8+ 34. Ke1 Ng4 35. Bxg4 fxg4 36. Ne3 Re8 37. Kd2 Bf3 38. Nc4 Rd8+ 39. Ke3
b5 40. Nd2 Re8+ 41. Nde4+ Bxe4 42. Nxe4+ Kf5 43. Kd4 Rxe4+ 44. Kc5 Re2 45. Kc6
Rxb2 46. Kb7 Rxa2 47. h5 Rg2 48. h6 Rxg3 49. h7 Rh3 50. Kxa7 Rxh7+ 51. Kb6 Rh3
52. Kxb5 Rxc3 53. Kb4 Re3 54. Kb5 Re5+ 55. Kc4 g3 56. Kd4 g2 57. Kd3 g1=Q 58.
Kc4 Qe1 59. Kb3 Re2 {Time forfeit} 0-1

[Event "Rated Blitz game"]
[Site "?"]
[Date "2021.02.10"]
[Round "?"]
[White "Koenigsindisch"]
[Black "pasha1984"]
[Result "0-1"]
[WhiteElo "2444"]
[BlackElo "2361"]
[PlyCount "32"]
[EventDate "2021.??.??"]
[EventType "blitz"]

1. e4 e5 2. Nf3 d5 3. exd5 e4 4. Qe2 Nf6 5. d3 Qxd5 6. Nc3 Bb4 7. Nd2 Bxc3 8.
bxc3 Nc6 9. Nxe4 Be6 10. Nxf6+ gxf6 11. Bd2 O-O-O 12. Qf3 Qa5 13. Be2 Rhg8 14.
h3 Kb8 15. O-O Bd5 16. c4 Bxf3 {Normal} 0-1

[Event "Rated Blitz game"]
[Site "?"]
[Date "2021.02.10"]
[Round "?"]
[White "ChessDr017"]
[Black "Jomajo"]
[Result "0-1"]
[WhiteElo "2404"]
[BlackElo "2578"]
[PlyCount "100"]
[EventDate "2021.??.??"]
[EventType "blitz"]

1. e4 e5 2. Nf3 d5 3. Nxe5 Bd6 4. d4 dxe4 5. Bc4 Bxe5 6. dxe5 Qxd1+ 7. Kxd1 Nc6
8. Bf4 Nge7 9. Nd2 Ng6 10. Bg3 Ncxe5 11. Re1 Nxc4 12. Rxe4+ Be6 13. Nxc4 O-O-O+
14. Kc1 Bd5 15. Rd4 Bxg2 16. Rxd8+ Rxd8 17. Ne3 Be4 18. a4 f5 19. f4 h5 20. h4
c5 21. a5 Kc7 22. Ra3 Kc6 23. Nc4 Rd4 24. Ne5+ Nxe5 25. fxe5 Bd5 26. Bf2 Rf4
27. Be3 Rxh4 28. Rc3 b6 29. axb6 axb6 30. b4 c4 31. Ra3 Re4 32. Kd2 f4 33. Bf2
Kb7 34. Rf3 g5 35. Rh3 Bf7 36. Rh1 Rxe5 37. Rg1 g4 38. Bh4 f3 39. Bg3 Re2+ 40.
Kc3 Kc6 41. Rh1 Bg6 42. Kd4 Rxc2 43. Ke5 c3 44. Kd4 Kb5 45. Rf1 Ka4 46. Kc4 b5+
47. Kd4 Kb3 48. Bd6 Rb2 49. Be5 c2 50. Ke3 Rb1 {Time forfeit} 0-1

[Event "Rated Blitz game"]
[Site "?"]
[Date "2021.02.10"]
[Round "?"]
[White "Goldbart"]
[Black "lavilaine"]
[Result "1-0"]
[WhiteElo "2519"]
[BlackElo "2384"]
[PlyCount "49"]
[EventDate "2021.??.??"]
[EventType "blitz"]

1. e4 e5 2. Nf3 d5 3. Nxe5 Qe7 4. Nd3 dxe4 5. Nf4 Be6 6. Nxe6 Qxe6 7. Nc3 Nc6
8. Bb5 O-O-O 9. O-O f5 10. Re1 Nf6 11. h3 Ne5 12. Qe2 Bc5 13. d3 Neg4 14. hxg4
Nxg4 15. Be3 Bxe3 16. fxe3 Qe5 17. g3 Qxg3+ 18. Qg2 Qxg2+ 19. Kxg2 c6 20. Bc4
b5 21. Be6+ Kc7 22. Bxf5 exd3 23. Bxg4 dxc2 24. Rac1 Rd2+ 25. Re2 {Normal} 1-0

[Event "Rated Blitz game"]
[Site "?"]
[Date "2021.02.10"]
[Round "?"]
[White "dreamsambitions"]
[Black "Jomajo"]
[Result "0-1"]
[WhiteElo "2631"]
[BlackElo "2544"]
[PlyCount "34"]
[EventDate "2021.??.??"]
[EventType "blitz"]

1. e4 e5 2. Nf3 d5 3. exd5 e4 4. Qe2 Qe7 5. d3 exf3 6. gxf3 Nf6 7. Be3 Nxd5 8.
Nd2 Nxe3 9. fxe3 Nc6 10. O-O-O Be6 11. Kb1 a5 12. d4 O-O-O 13. Ne4 Qb4 14. a3
Qb6 15. Nc5 Bxc5 16. dxc5 Rxd1+ 17. Qxd1 Qxc5 {Normal} 0-1

[Event "Rated Blitz game"]
[Site "?"]
[Date "2021.02.10"]
[Round "?"]
[White "Avanti1914"]
[Black "KamranShirazi"]
[Result "0-1"]
[WhiteElo "2342"]
[BlackElo "2416"]
[PlyCount "138"]
[EventDate "2021.??.??"]
[EventType "blitz"]

1. e4 e5 2. Nf3 d5 3. exd5 e4 4. Qe2 f5 5. d3 Nf6 6. dxe4 fxe4 7. Nd4 Qxd5 8.
Qc4 Bc5 9. Qxd5 Nxd5 10. Nb3 Bb6 11. Bc4 c6 12. O-O O-O 13. Nc3 Be6 14. Nxe4 h6
15. a4 Nd7 16. a5 Bc7 17. Nbc5 Nxc5 18. Nxc5 Bc8 19. Be3 Kh8 20. Bxd5 cxd5 21.
Bd4 Bf5 22. c3 b6 23. axb6 axb6 24. Nb3 Bd3 25. Rxa8 Rxa8 26. Ra1 Re8 27. Be3
Bc4 28. Nd4 Be5 29. Ra7 b5 30. f3 b4 31. Kf2 bxc3 32. bxc3 Bxh2 33. g3 Bxg3+
34. Kxg3 Rxe3 35. Nf5 Rxc3 36. Nxg7 Be2 37. Nh5 Rxf3+ 38. Kh4 Rf5 39. Ng3 Rf4+
40. Kh3 Bg4+ 41. Kg2 d4 42. Ra6 h5 43. Rd6 Kg7 44. Nf1 h4 45. Nd2 Kf7 46. Nb3
h3+ 47. Kg3 Rf3+ 48. Kxg4 Rxb3 49. Rxd4 h2 50. Rd1 Kf6 51. Rh1 Rb4+ 52. Kg3
Rb3+ 53. Kxh2 Kf5 54. Rg1 Kf4 55. Rg2 Rc3 56. Rf2+ Kg4 57. Rg2+ Kh4 58. Rf2
Rh3+ 59. Kg2 Rg3+ 60. Kh2 Ra3 61. Kg2 Kg4 62. Kh2 Ra1 63. Kg2 Kg5 64. Kh2 Kg6
65. Rg2+ Kh7 66. Rf2 Kh8 67. Rg2 Kh7 68. Rg1 Ra3 69. Ra1 Rxa1 {Time forfeit}
0-1

[Event "Rated Blitz game"]
[Site "?"]
[Date "2021.02.10"]
[Round "?"]
[White "schwinggggg"]
[Black "Jomajo"]
[Result "1-0"]
[WhiteElo "2376"]
[BlackElo "2562"]
[PlyCount "77"]
[EventDate "2021.??.??"]
[EventType "blitz"]

1. e4 e5 2. Nf3 d5 3. Nxe5 Bd6 4. d4 dxe4 5. Nc4 Nf6 6. Ne3 Nc6 7. c3 O-O 8.
Bb5 Ne7 9. O-O c6 10. Ba4 Nfd5 11. Bc2 f5 12. c4 Nb4 13. Bb3 Kh8 14. Nc3 f4 15.
Nc2 Nxc2 16. Bxc2 f3 17. Bxe4 Bg4 18. Bxf3 Bxf3 19. gxf3 Nf5 20. Ne4 Bc7 21.
Bg5 Qe8 22. f4 h6 23. Re1 Qg6 24. Kh1 Rad8 25. d5 cxd5 26. cxd5 hxg5 27. Nxg5
Rfe8 28. Ne6 Rd7 29. Rg1 Qh6 30. Qg4 Bxf4 31. Nxf4 Rf7 32. Rae1 Rg8 33. Re6 Rf6
34. Re5 g6 35. Ne6 Nd6 36. Rh5 Nf7 37. Rxh6+ Nxh6 38. Qg5 Kh7 39. Qxf6 {Normal}
1-0

[Event "Rated Blitz game"]
[Site "?"]
[Date "2021.02.10"]
[Round "?"]
[White "rectifhigh"]
[Black "Jomajo"]
[Result "0-1"]
[WhiteElo "2409"]
[BlackElo "2586"]
[PlyCount "118"]
[EventDate "2021.??.??"]
[EventType "blitz"]

1. e4 e5 2. Nf3 d5 3. exd5 e4 4. Qe2 Qe7 5. Nd4 Nf6 6. Nc3 Qe5 7. Nf3 Qe7 8.
Nd4 Qe5 9. Nb3 Nbd7 10. d4 exd3 11. cxd3 Bb4 12. Bf4 Qxe2+ 13. Bxe2 Nxd5 14.
Bd2 N7f6 15. Bf3 Be6 16. Nd4 c6 17. Nxe6 fxe6 18. O-O-O Bc5 19. Rhe1 Kf7 20.
Re2 Nb4 21. Be3 Be7 22. a3 Nbd5 23. Kc2 h6 24. Bc1 Rhe8 25. Rde1 Bf8 26. h4
Rad8 27. Ne4 Nxe4 28. dxe4 Nf6 29. e5 Nd5 30. h5 Be7 31. Be4 Kg8 32. g3 Bc5 33.
Bg6 Re7 34. f4 Red7 35. Be4 Ne7 36. b4 Bb6 37. g4 Rf8 38. Rg2 Bc7 39. g5 hxg5
40. Rxg5 Nf5 41. Reg1 Nh6 42. Rg6 Kf7 43. R1g2 Rd4 44. Rxg7+ Ke8 45. Bg6+ Kd8
46. Rd2 Rxd2+ 47. Bxd2 Rh8 48. Kd3 a5 49. bxa5 Kc8 50. Ke4 Rd8 51. Be3 Rh8 52.
Rh7 Rxh7 53. Bxh7 Kd7 54. Bg6 Ke7 55. f5 exf5+ 56. Bxf5 Nf7 57. h6 Bxe5 58. h7
Bh8 59. Bg6 Nd6+ {Time forfeit} 0-1

[Event "Rated Blitz game"]
[Site "?"]
[Date "2021.02.10"]
[Round "?"]
[White "KnightPawer"]
[Black "vovaches"]
[Result "0-1"]
[WhiteElo "2536"]
[BlackElo "2588"]
[PlyCount "118"]
[EventDate "2021.??.??"]
[EventType "blitz"]

1. e4 e5 2. Nf3 d5 3. exd5 e4 4. Nd4 Qxd5 5. Nb3 Nf6 6. Nc3 Qe5 7. Be2 Bd6 8.
d4 exd3 9. Qxd3 O-O 10. Be3 Bf5 11. Qd2 Nc6 12. O-O-O Rad8 13. Bf3 Bb4 14. Qe1
Na5 15. Nxa5 Qxa5 16. Kb1 Be6 17. a3 Bxc3 18. Qxc3 Qxc3 19. bxc3 Bd5 20. Bxd5
Nxd5 21. Bd4 c5 22. Be5 Rfe8 23. c4 Rxe5 24. cxd5 Rexd5 25. Rde1 Kf8 26. Re3
Rd1+ 27. Rxd1 Rxd1+ 28. Kb2 Rd2 29. Rf3 b6 30. a4 Rd4 31. Kb3 Ke7 32. c3 Rg4
33. g3 g6 34. Re3+ Kd7 35. h3 Rg5 36. Kc4 a6 37. f4 Rf5 38. Re4 Kc6 39. Kd3 b5
40. axb5+ axb5 41. g4 Rf6 42. Kc2 Re6 43. Kd3 Rxe4 44. Kxe4 b4 45. cxb4 cxb4
46. Kd4 b3 47. Kc3 Kd5 48. Kxb3 Ke4 49. Kc3 Kxf4 50. Kd4 Kg3 51. Ke5 Kxh3 52.
g5 Kg4 53. Kf6 Kh5 54. Kxf7 Kxg5 55. Kg7 h5 56. Kh7 h4 57. Kg7 h3 58. Kg8 h2
59. Kg7 h1=Q {Normal} 0-1

[Event "Rated Blitz game"]
[Site "?"]
[Date "2021.02.10"]
[Round "?"]
[White "morischwilli"]
[Black "ferricerve"]
[Result "0-1"]
[WhiteElo "2517"]
[BlackElo "2491"]
[PlyCount "98"]
[EventDate "2021.??.??"]
[EventType "blitz"]

1. e4 e5 2. Nf3 d5 3. exd5 e4 4. Qe2 Nf6 5. d3 Qxd5 6. Nfd2 Nc6 7. Nxe4 Be6 8.
Nxf6+ gxf6 9. Nc3 Qa5 10. Be3 Ba3 11. Bd2 Bxb2 12. Ne4 Nb4 13. Rb1 Nxc2+ 14.
Kd1 Qxa2 15. Rxb2 Qxb2 16. Bc3 Qb1+ 17. Kd2 O-O-O 18. Qd1 Qxd1+ 19. Kxd1 Nd4
20. Nxf6 c5 21. Ne4 b6 22. f3 Bd5 23. Ke1 Bxe4 24. dxe4 Kb7 25. Bc4 f6 26. Kf2
b5 27. Rb1 b4 28. Bd5+ Rxd5 29. exd5 a5 30. Bxd4 cxd4 31. Ke2 Kb6 32. Kd3 Kb5
33. Kxd4 a4 34. d6 a3 35. Kd5 a2 36. Re1 b3 37. d7 Rd8 38. Re3 b2 39. Rb3+ Ka4
40. Rxb2 a1=Q 41. Rb7 Qd1+ 42. Ke6 Qe2+ 43. Kf7 Qxg2 44. Ke7 Qg8 45. Kd6 Qf8+
46. Kc7 Qe7 47. Ra7+ Kb5 48. Rb7+ Kc4 49. Kc6 Qe6+ {Normal} 0-1